000
00185nam a2200085Ia 4500
008
120527s9999 xx 000 0 und d
100
_a
FRIEDMAN, D
245
_a
Price Theory
942
_c
BK
999
_c
26666
_d
26666